000 00355nam a22001337a 4500
999 _c534487
_d534487
003 NUST
038 _awaseem
082 _a355.033095491
_bSAL
100 _aSalik, Muhammad Samrez
_928645
245 _aFighting Shadows:
_bPost-war on Terror: Pakistan /
_cMuhammad Samrez Salik
260 _aIslamabad :
_bNDU,
_c2019.
300 _a226 p.
942 _2ddc
_cBK